Politique Française en S - Statistiques

Statistiques générales
  • Ce quiz a été pris 137 fois
  • Le résultat moyen est 5 sur 10
Statistiques - réponses
Hint Réponse % Correct
Président de la République de 2007 à 2012 Nicolas Sarkozy
100%
Chambre haute du Parlement français Sénat
89%
Ancien ministre de l’économie, ancien directeur général du Fonds Monétaire International (FMI), il se retire de la vie politique suite à l’affaire du Sofitel. Dominique Strauss-Kahn
72%
Ancienne ministre déléguée chargée de la citoyenneté, elle a occupé de nombreux postes sous les différents gouvernements d’Emmanuel Macron. Elle est régulièrement la cible de critiques et moquée, notamment en raison de sa couverture du magazine Playboy et de ses nombreux livres. Marlène Schiappa
61%
Pouvoir suprême reconnu à l’Etat sur sa compétence exclusive au sein de son territoire national et son indépendance absolue dans l'ordre international. Souveraineté
61%
Ensemble des missions exercées par l’État ou les collectivités pour l’intérêt général. Service public
34%
Ancien député PS, il a été ministre de l’Economie et des finances de 2014 à 2017 Michel Sapin
32%
Célèbre publicitaire français ayant participé à la campagne de François Mitterrand en 1981 ainsi qu’à celle de Lionel Jospin en 2002. Jacques Séguéla
24%
Ancienne députée LREM, elle annonce sa transition de genre en novembre 2024. Elle s’est fait connaître pour ses frasques et a soutenu Eric Zemmour lors de l’élection présidentielle de 2022 Eva Son-Forget
21%
Ancien député UMP puis LREM, il détient le record de mises en examen pour un homme politique français (13). Il est considéré comme le “baron noir” de la droite, organisant régulièrement des dîners entre responsables politiques de droite et d’extrême droite. Thierry Solère
10%
Aucun quiz correspondant
Distribution des résultats
% des personnes avec chaque résultat
Percentile par nombre de réponses
Votre historique - résultats
Vous n’avez pas pris ce quiz